[Event "Junior Online 4NCL Division 4"]
[Site "online"]
[Date "2021.04.15"]
[EventDate "2021.04.15"]
[Round "7.38"]
[White "Kirk, Alex"]
[WhiteElo "1078"]
[WhiteTeam "Tetherdown Bishops"]
[Black "Lumsden, Emmanuel"]
[BlackElo "1060"]
[BlackTeam "Farnham Fantasticos"]
[Result "0-1"]
[PlyCount "54"]

1. e4 e5 2. Nf3 Nf6 3. Nxe5 Nc6 4. Nxc6 dxc6 5. Nc3 Bc5 6. Bd3 h5 7. O-O Ng4 8. h3 Qd6 9. hxg4 hxg4 10. e5 Qe6 11. Re1 Qh6 12. Kf1 Qf4 13. Ne4 Bf5 14. Nxc5 b6 15. Bxf5 bxc5 16. Qxg4 Rh1+ 17. Ke2 Qxe5+ 18. Kd3 Rxe1 19. Bd7+ Kf8 20. Bxc6 Qd6+ 21. Kc4 Qxc6 22. d3 Qa4+ 23. Kd5 Qxg4 24. Kxc5 Re5+ 25. Kc6 Qe6+ 26. Kb7 Qb6+ 27. Kxa8 Re8# 0-1

[Event "Junior Online 4NCL Division 4"]
[Site "online"]
[Date "2021.04.15"]
[EventDate "2021.04.15"]
[Round "7.41"]
[White "De Sousa Muachikape, Jael"]
[WhiteElo "1620"]
[WhiteTeam "Leeds Juniors 1"]
[Black "Korossy, Nandi"]
[BlackElo "1610"]
[BlackTeam "Wanstead Warriors 1"]
[Result "1-0"]
[PlyCount "49"]

1. d4 Nf6 2. c4 e6 3. Nc3 Bb4 4. e3 O-O 5. Nf3 b6 6. Bd3 Bb7 7. O-O d6 8. Bd2 Nbd7 9. a3 Bxc3 10. Bxc3 c5 11. Re1 Re8 12. Bc2 Ne4 13. Qd3 f5 14. Rad1 Nxc3 15. Qxc3 Qf6 16. Nd2 Qg6 17. f3 h5 18. e4 Qf6 19. e5 dxe5 20. dxe5 Qf7 21. Ba4 Red8 22. Qe3 Nb8 23. Nf1 f4 24. Rxd8+ Kh7 25. Qd3+ 1-0

[Event "Junior Online 4NCL Division 4"]
[Site "online"]
[Date "2021.04.15"]
[EventDate "2021.04.15"]
[Round "7.42"]
[White "Demetriou, Jay"]
[WhiteElo "1519"]
[WhiteTeam "Wanstead Warriors 1"]
[Black "Krishnan, Aditya"]
[BlackElo "1365"]
[BlackTeam "Leeds Juniors 1"]
[Result "0-1"]
[PlyCount "74"]

1. e4 c5 2. Nf3 d6 3. d4 cxd4 4. Nxd4 Nf6 5. f3 g6 6. c4 Bg7 7. Nc3 O-O 8. Be3 Nc6 9. Qd2 a6 10. Be2 Bd7 11. O-O Rc8 12. Rac1 Ne5 13. Nd5 Bc6 14. Nxf6+ Bxf6 15. Bg5 Bg7 16. Bh6 Qb6 17. Bxg7 Kxg7 18. Kh1 Bd7 19. Qc3 Kg8 20. f4 Nc6 21. Nxc6 Qxc6 22. Bf3 Qc5 23. Rfd1 Be6 24. b3 b5 25. Be2 Qf2 26. Qd2 Qc5 27. Qd4 Qxd4 28. Rxd4 Rc5 29. g4 f5 30. gxf5 gxf5 31. Rg1+ Kh8 32. Bf3 bxc4 33. bxc4 Rxc4 34. Rxc4 Bxc4 35. exf5 Rxf5 36. Be4 Rxf4 37. Bb1 Bd5+ 0-1

[Event "Junior Online 4NCL Division 4"]
[Site "online"]
[Date "2021.04.15"]
[EventDate "2021.04.15"]
[Round "7.43"]
[White "Sasikumar, Navaneeth"]
[WhiteElo "1313"]
[WhiteTeam "Leeds Juniors 1"]
[Black "Stevens, Tobias"]
[BlackElo "1468"]
[BlackTeam "Wanstead Warriors 1"]
[Result "1-0"]
[PlyCount "123"]

1. d4 d5 2. Bf4 Nc6 3. Nf3 Nf6 4. e3 e6 5. c3 Be7 6. Bd3 O-O 7. Qc2 b6 8. g4 Bb7 9. g5 Ne4 10. h4 g6 11. Nbd2 Nxd2 12. Nxd2 Bd6 13. h5 Bxf4 14. exf4 Kg7 15. hxg6 fxg6 16. Rh4 Qd6 17. O-O-O Rxf4 18. Rh2 Rg4 19. Rdh1 Rg1+ 20. Rxg1 Qxh2 21. Rf1 Qg2 22. f4 Ne7 23. Nf3 Qxc2+ 24. Kxc2 Rf8 25. Ne5 h5 26. gxh6+ Kxh6 27. Rg1 Rxf4 28. Nxg6 Nxg6 29. Rxg6+ Kh5 30. Rxe6 Bc8 31. Re7 Rf2+ 32. Kb3 Rf3 33. Be2 Bg4 34. Bxf3 Bxf3 35. Rxc7 Kg4 36. Rxa7 Kf4 37. Ra6 b5 38. Rb6 Be2 39. a4 Bc4+ 40. Kb4 bxa4 41. Kxa4 Ke4 42. Kb4 Ba2 43. b3 Kd3 44. Rd6 Ke4 45. Ka3 Bb1 46. b4 Bd3 47. Ka4 Bc4 48. b5 Kd3 49. b6 Ba6 50. Rxd5 Kxc3 51. Rd7 Kc4 52. Ka5 Bc8 53. Rc7+ Kxd4 54. Rxc8 Kd5 55. b7 Kd4 56. b8=Q Kd3 57. Qb3+ Kd4 58. Qd1+ Ke5 59. Re8+ Kf4 60. Qf1+ Kg3 61. Rg8+ Kh2 62. Qg2# 1-0

[Event "Junior Online 4NCL Division 4"]
[Site "online"]
[Date "2021.04.15"]
[EventDate "2021.04.15"]
[Round "7.44"]
[White "Walsh, Cole"]
[WhiteElo "1478"]
[WhiteTeam "Wanstead Warriors 1"]
[Black "Rowe, Angelica"]
[BlackElo "1350"]
[BlackTeam "Leeds Juniors 1"]
[Result "0-1"]
[PlyCount "44"]

1. e4 e5 2. Nf3 Nc6 3. c3 d5 4. Qa4 f6 5. Bb5 Ne7 6. d4 dxe4 7. Nfd2 Bf5 8. O-O a6 9. Bc4 b5 10. Qd1 bxc4 11. Nxc4 exd4 12. cxd4 Qxd4 13. Qh5+ Bg6 14. Qe2 Nf5 15. Rd1 Qc5 16. Nc3 Nfd4 17. Rxd4 Nxd4 18. Qe3 Qxc4 19. Nxe4 Ne2+ 20. Kf1 Nc3+ 21. Kg1 Nxe4 22. f3 Bc5 0-1

[Event "Junior Online 4NCL Division 4"]
[Site "online"]
[Date "2021.04.15"]
[EventDate "2021.04.15"]
[Round "7.45"]
[White "Korossy, Nandi"]
[WhiteElo "1610"]
[WhiteTeam "Wanstead Warriors 1"]
[Black "De Sousa Muachikape, Jael"]
[BlackElo "1620"]
[BlackTeam "Leeds Juniors 1"]
[Result "0-1"]
[PlyCount "60"]

1. e4 c5 2. Nf3 d6 3. d4 cxd4 4. Nxd4 Nf6 5. Nc3 a6 6. Be3 e5 7. Nb3 Be7 8. f3 O-O 9. Qd2 Be6 10. O-O-O Nbd7 11. g4 b5 12. g5 b4 13. Ne2 Ne8 14. f4 Bxb3 15. cxb3 a5 16. f5 a4 17. bxa4 Rxa4 18. Kb1 Qa8 19. b3 Qxe4+ 20. Ka1 Rxa2+ 21. Kxa2 Qxh1 22. f6 Bd8 23. fxg7 Nxg7 24. Qxb4 Be7 25. Qg4 Ra8+ 26. Kb2 Qb7 27. Bg2 d5 28. h4 Ba3+ 29. Kc2 Rc8+ 30. Nc3 Qb4 0-1

[Event "Junior Online 4NCL Division 4"]
[Site "online"]
[Date "2021.04.15"]
[EventDate "2021.04.15"]
[Round "7.46"]
[White "Krishnan, Aditya"]
[WhiteElo "1365"]
[WhiteTeam "Leeds Juniors 1"]
[Black "Demetriou, Jay"]
[BlackElo "1519"]
[BlackTeam "Wanstead Warriors 1"]
[Result "0-1"]
[PlyCount "56"]

1. c4 e5 2. g3 Nf6 3. Bg2 Bc5 4. e3 Nc6 5. Ne2 d6 6. Nbc3 Bg4 7. O-O O-O 8. a3 Rb8 9. b4 Bb6 10. Bb2 a6 11. Nd5 Nxd5 12. cxd5 Ne7 13. h3 Bd7 14. d4 f6 15. Rc1 c6 16. e4 Qe8 17. f4 Ng6 18. f5 Ne7 19. g4 h6 20. Qe1 Qf7 21. Qg3 cxd5 22. exd5 Nxd5 23. Kh1 Bc6 24. dxe5 dxe5 25. Nc3 Ne3 26. Bxc6 Nxf1 27. Qg2 Ne3 28. Qe2 bxc6 0-1

[Event "Junior Online 4NCL Division 4"]
[Site "online"]
[Date "2021.04.15"]
[EventDate "2021.04.15"]
[Round "7.47"]
[White "Stevens, Tobias"]
[WhiteElo "1468"]
[WhiteTeam "Wanstead Warriors 1"]
[Black "Sasikumar, Navaneeth"]
[BlackElo "1313"]
[BlackTeam "Leeds Juniors 1"]
[Result "0-1"]
[PlyCount "96"]

1. e4 c6 2. Nf3 d5 3. exd5 cxd5 4. d4 Bf5 5. Nc3 Nf6 6. Bf4 Nc6 7. Bd3 Bg6 8. Bxg6 hxg6 9. O-O e6 10. Re1 Be7 11. Qd2 O-O 12. Rad1 a6 13. Bg5 Qc7 14. Bxf6 Bxf6 15. Qe3 Qb6 16. b3 Nb4 17. Re2 Rac8 18. Na4 Qc7 19. Ng5 Nxc2 20. Qd2 Nxd4 21. Re3 Bxg5 22. Qxd4 Bxe3 23. Qxe3 b5 24. Nb2 Qc2 25. Qd4 Qc3 26. Qxc3 Rxc3 27. Nd3 Rfc8 28. Kh1 Rxd3 29. Rg1 Rdc3 30. h3 Rc1 31. Kh2 Rxg1 32. Kxg1 Rc2 33. a4 bxa4 34. bxa4 Ra2 35. g3 Rxa4 36. Kg2 Rb4 37. Kf3 a5 38. Ke3 a4 39. Kd3 a3 40. Kc3 Rb8 41. g4 a2 42. h4 a1=Q+ 43. Kd3 Rb3+ 44. Ke2 Qa2+ 45. Kf1 Rf3 46. Ke1 Qxf2+ 47. Kd1 Rg3 48. h5 Rg1# 0-1

[Event "Junior Online 4NCL Division 4"]
[Site "online"]
[Date "2021.04.15"]
[EventDate "2021.04.15"]
[Round "7.48"]
[White "Rowe, Angelica"]
[WhiteElo "1350"]
[WhiteTeam "Leeds Juniors 1"]
[Black "Walsh, Cole"]
[BlackElo "1478"]
[BlackTeam "Wanstead Warriors 1"]
[Result "1-0"]
[PlyCount "39"]

1. e4 e5 2. Bc4 Nc6 3. d3 Bc5 4. Be3 d6 5. Bxc5 dxc5 6. Ne2 Nf6 7. O-O O-O 8. f4 exf4 9. Nxf4 Re8 10. Nh5 Qd4+ 11. Kh1 Qxb2 12. Nxf6+ gxf6 13. Nd2 Be6 14. Bxe6 Rxe6 15. Nc4 Qd4 16. Qh5 f5 17. exf5 Re7 18. f6 Re6 19. Qh6 Rd8 20. Qg7# 1-0

[Event "Junior Online 4NCL Division 4"]
[Site "online"]
[Date "2021.04.15"]
[EventDate "2021.04.15"]
[Round "7.51"]
[White "Agbota, Fenu"]
[WhiteElo "1300"]
[WhiteTeam "JHJ Shark Tank 7"]
[Black "Catabay, Mae Katelyn Rose"]
[BlackElo "1446"]
[BlackTeam "Colchester Juniors B"]
[Result "0-1"]
[PlyCount "75"]

1. e4 e6 2. d4 d5 3. e5 c5 4. Nf3 Nc6 5. Bb5 Bd7 6. Bxc6 Bxc6 7. Bg5 Be7 8. Bxe7 Nxe7 9. dxc5 Qa5+ 10. Nc3 Qxc5 11. O-O O-O 12. Qd3 Nf5 13. Rad1 b5 14. Nd4 Nxd4 15. Qxd4 Qxd4 16. Rxd4 a5 17. a4 b4 18. Nb5 Bxb5 19. axb5 Rab8 20. c4 dxc4 21. Rxc4 Rxb5 22. f4 Rd5 23. Rfc1 Rfd8 24. Rc8 Kf8 25. Rxd8+ Rxd8 26. Rc2 Ke7 27. Rc7+ Rd7 28. Rxd7+ Kxd7 29. Kf2 Kc6 30. Ke3 Kc5 31. Kd3 a4 32. Kc2 Kc4 33. h4 a3 34. b3+ Kd4 35. g3 Ke3 36. h5 f6 37. exf6 gxf6 38. g4 0-1

[Event "Junior Online 4NCL Division 4"]
[Site "online"]
[Date "2021.04.15"]
[EventDate "2021.04.15"]
[Round "7.53"]
[White "Nilim, Armaan"]
[WhiteElo "1298"]
[WhiteTeam "JHJ Shark Tank 7"]
[Black "Beer, James"]
[BlackElo "1275"]
[BlackTeam "Colchester Juniors B"]
[Result "1-0"]
[PlyCount "60"]

1. d4 d5 2. c4 dxc4 3. e3 Be6 4. Nc3 Nf6 5. e4 Bg4 6. f3 Bh5 7. Bxc4 Nc6 8. Qb3 Nxd4 9. Qd1 Qd6 10. Nb5 Nxb5 11. Bxb5+ c6 12. Qxd6 exd6 13. Bc4 d5 14. exd5 cxd5 15. Bb5+ Nd7 16. Bf4 O-O-O 17. Rc1+ Nc5 18. b4 a6 19. Be2 b6 20. bxc5 bxc5 21. Bxa6+ Kd7 22. Rb1 Re8+ 23. Kf2 Ra8 24. Rb7+ Ke8 25. Bb5+ Kd8 26. Rd7+ Kc8 27. Rxd5 Rxa2+ 28. Kg3 Ra5 29. Bd7+ Kb7 30. Rxh5 Ra2 1-0

[Event "Junior Online 4NCL Division 4"]
[Site "online"]
[Date "2021.04.15"]
[EventDate "2021.04.15"]
[Round "7.54"]
[White "Salkauskas, Deimantas"]
[WhiteElo "1266"]
[WhiteTeam "Colchester Juniors B"]
[Black "Xu, Tianyou"]
[BlackElo "1280"]
[BlackTeam "JHJ Shark Tank 7"]
[Result "1-0"]
[PlyCount "46"]

1. e4 e5 2. Nf3 Nc6 3. Bc4 Bc5 4. Nc3 Nf6 5. d3 d6 6. Bg5 Be6 7. Nd5 Bxd5 8. Bxd5 O-O 9. O-O Rb8 10. c3 Bb6 11. d4 exd4 12. cxd4 Qe7 13. Re1 a6 14. e5 dxe5 15. dxe5 Qc5 16. exf6 Qxf2+ 17. Kh1 Qxb2 18. Rb1 Qc3 19. Rb3 Qa5 20. fxg7 Rfd8 21. Bxd8 Rxd8 22. Rd3 Nb4 23. Bxf7+ Kxf7 1-0

[Event "Junior Online 4NCL Division 4"]
[Site "online"]
[Date "2021.04.15"]
[EventDate "2021.04.15"]
[Round "7.55"]
[White "Catabay, Mae Katelyn Rose"]
[WhiteElo "1446"]
[WhiteTeam "Colchester Juniors B"]
[Black "Agbota, Fenu"]
[BlackElo "1300"]
[BlackTeam "JHJ Shark Tank 7"]
[Result "1-0"]
[PlyCount "73"]

1. e4 e5 2. f4 exf4 3. Nf3 Nf6 4. Nc3 d6 5. d4 Bg4 6. Bxf4 Be7 7. Be2 O-O 8. O-O d5 9. e5 Ne4 10. Qd3 Nxc3 11. bxc3 c5 12. Qe3 Nc6 13. Rad1 cxd4 14. cxd4 Bxf3 15. Qxf3 Qb6 16. Be3 f6 17. Qxd5+ Kh8 18. exf6 Rxf6 19. Rxf6 Bxf6 20. Qe4 Ne7 21. d5 Qd6 22. c4 Qe5 23. Qxe5 Bxe5 24. d6 Nc6 25. Bf3 Rd8 26. Bxc6 bxc6 27. d7 Kg8 28. Bg5 Bf6 29. Bf4 Kf7 30. Bc7 Rh8 31. d8=Q Bxd8 32. Rxd8 Rxd8 33. Bxd8 Ke6 34. Kf2 Ke5 35. Ke3 c5 36. Be7 a5 37. Bxc5 1-0

[Event "Junior Online 4NCL Division 4"]
[Site "online"]
[Date "2021.04.15"]
[EventDate "2021.04.15"]
[Round "7.57"]
[White "Beer, James"]
[WhiteElo "1275"]
[WhiteTeam "Colchester Juniors B"]
[Black "Nilim, Armaan"]
[BlackElo "1298"]
[BlackTeam "JHJ Shark Tank 7"]
[Result "0-1"]
[PlyCount "22"]

1. e4 e5 2. Nf3 Nf6 3. Nxe5 Nc6 4. Nxc6 dxc6 5. Nc3 Bc5 6. Bc4 Ng4 7. O-O Qh4 8. h3 Nxf2 9. Qe2 Nxh3+ 10. Kh2 Nf2+ 11. Kg1 Qh1# 0-1

[Event "Junior Online 4NCL Division 4"]
[Site "online"]
[Date "2021.04.15"]
[EventDate "2021.04.15"]
[Round "7.58"]
[White "Xu, Tianyou"]
[WhiteElo "1280"]
[WhiteTeam "JHJ Shark Tank 7"]
[Black "Salkauskas, Deimantas"]
[BlackElo "1266"]
[BlackTeam "Colchester Juniors B"]
[Result "0-1"]
[PlyCount "72"]

1. d4 d5 2. Bf4 Nc6 3. Nf3 Bf5 4. e3 Nf6 5. Nbd2 e6 6. Bb5 Bb4 7. c3 Be7 8. Ne5 O-O 9. Bxc6 bxc6 10. Ndf3 Bd6 11. O-O Be4 12. Qa4 Nh5 13. Nxc6 Qd7 14. Bxd6 cxd6 15. Qa6 Rfc8 16. Nb4 Qe7 17. Qe2 Qf6 18. Nd2 Qg6 19. Nxe4 dxe4 20. f3 d5 21. fxe4 dxe4 22. Qf2 f5 23. Qh4 Rf8 24. Rf2 Rf6 25. Raf1 Raf8 26. Nc6 Qh6 27. Ne5 Nf4 28. Qxf4 g5 29. Qg3 f4 30. exf4 e3 31. Rf3 e2 32. Re1 Rxf4 33. Rxf4 Rxf4 34. Rxe2 Qh5 35. Rf2 Qd1+ 36. Rf1 Qxf1# 0-1

[Event "Junior Online 4NCL Division 4"]
[Site "online"]
[Date "2021.04.15"]
[EventDate "2021.04.15"]
[Round "7.61"]
[White "Scott, Jane"]
[WhiteElo "1300"]
[WhiteTeam "Barnet Knights D"]
[Black "Spitz, Danny"]
[BlackElo "1107"]
[BlackTeam "Coldfall Bishops"]
[Result "0-1"]
[PlyCount "96"]

1. e4 e5 2. Nf3 Nc6 3. d4 exd4 4. Bc4 Nf6 5. e5 Ng4 6. O-O d5 7. Bb5 Bd7 8. Bg5 Be7 9. Bf4 O-O 10. Nxd4 Nxd4 11. Bxd7 Qxd7 12. Qxd4 f6 13. h3 fxe5 14. Bxe5 Nxe5 15. Qxe5 Bf6 16. Qg3 Bxb2 17. Nc3 Bxa1 18. Rxa1 Rfe8 19. Qg5 d4 20. Nd5 Qf7 21. Rd1 Re2 22. Kh2 Rxf2 23. Rxd4 c6 24. Ne7+ Kf8 25. Rd7 Qf4+ 26. Qg3 Qxg3+ 27. Kxg3 Rxc2 28. Nf5 Rxa2 29. Rxg7 Ra3+ 30. Kh2 c5 31. Rxb7 c4 32. Rxh7 c3 33. Rc7 Rb3 34. Ne3 a5 35. Nd5 a4 36. Nxc3 a3 37. Nd1 a2 38. Rc1 a1=Q 39. Rxa1 Rxa1 40. Nf2 Kg7 41. Ng4 Rb2 42. Kg3 Raa2 43. Ne3 Kg6 44. Kh2 Kg5 45. Ng4 Rxg2+ 46. Kh1 Rgb2 47. Nh2 Ra1+ 48. Nf1 Rxf1# 0-1

[Event "Junior Online 4NCL Division 4"]
[Site "online"]
[Date "2021.04.15"]
[EventDate "2021.04.15"]
[Round "7.62"]
[White "Haga, Xander"]
[WhiteElo "1063"]
[WhiteTeam "Coldfall Bishops"]
[Black "Ethelontis, Elena"]
[BlackElo "1231"]
[BlackTeam "Barnet Knights D"]
[Result "1/2-1/2"]
[PlyCount "156"]

1. e4 e5 2. Nf3 Nc6 3. Nc3 g6 4. d4 d6 5. d5 Nce7 6. Bg5 Bg7 7. Bb5+ Bd7 8. Bd3 Nf6 9. Qd2 O-O 10. O-O c6 11. dxc6 Bxc6 12. Bh6 Re8 13. Bxg7 Kxg7 14. Rfe1 d5 15. exd5 Nexd5 16. Nxe5 Qd6 17. Nxc6 Rxe1+ 18. Rxe1 bxc6 19. Be4 Rd8 20. Bxd5 cxd5 21. Nb5 Qd7 22. Nc3 Re8 23. Rxe8 Qxe8 24. h3 Qd7 25. b3 Qd6 26. Nb5 Qd7 27. Nc3 a6 28. a4 Qd6 29. Qd3 Qc6 30. Kf1 Qd6 31. f3 Qf4 32. Ne2 Qe5 33. Kf2 Qd6 34. c4 Qc5+ 35. Qe3 Qb4 36. Qd3 dxc4 37. Qxc4 Qb6+ 38. Nd4 Qb7 39. g4 h5 40. g5 Nd5 41. Ne2 Qb6+ 42. Qd4+ Qxd4+ 43. Nxd4 Nf4 44. Ke3 Nxh3 45. f4 f6 46. Ne6+ Kf7 47. Nd8+ Ke7 48. Nc6+ Ke6 49. Nd4+ Kf7 50. gxf6 Kxf6 51. Kf3 g5 52. fxg5+ Nxg5+ 53. Kg3 Ne4+ 54. Kh4 Kg6 55. a5 Nd6 56. Nc6 Nf5+ 57. Kh3 Nd6 58. b4 Nb5 59. Nb8 Nc7 60. Kh4 Kh6 61. Nc6 Kg6 62. Ne5+ Kh6 63. Nc6 Kg6 64. Ne7+ Kh6 65. Nf5+ Kg6 66. Ng3 Kf6 67. Nxh5+ Ke5 68. Kg3 Kd4 69. Nf6 Kc4 70. Nd7 Kxb4 71. Kf2 Kxa5 72. Ke2 Kb4 73. Kd2 Nd5 74. Kc2 a5 75. Kb2 a4 76. Ne5 a3+ 77. Ka2 Nc3+ 78. Ka1 Kb3 1/2-1/2

[Event "Junior Online 4NCL Division 4"]
[Site "online"]
[Date "2021.04.15"]
[EventDate "2021.04.15"]
[Round "7.63"]
[White "Rowland, Benjamin"]
[WhiteElo "1227"]
[WhiteTeam "Barnet Knights D"]
[Black "Haga, Viktor"]
[BlackElo "1056"]
[BlackTeam "Coldfall Bishops"]
[Result "1-0"]
[PlyCount "165"]

1. e4 e5 2. Nf3 Nc6 3. Bb5 d6 4. d4 Bd7 5. d5 Nce7 6. Bc4 c6 7. Nc3 cxd5 8. Nxd5 Nxd5 9. Bxd5 Bc6 10. Bxc6+ bxc6 11. O-O Nf6 12. Re1 d5 13. exd5 Nxd5 14. Rxe5+ Be7 15. c4 Nf6 16. Qxd8+ Rxd8 17. Be3 Rd7 18. Bc5 Ng4 19. Re4 f5 20. Re2 Kf7 21. Bxe7 Rxe7 22. Rxe7+ Kxe7 23. h3 Nf6 24. Re1+ Kf7 25. Ne5+ Kf8 26. Nxc6 a6 27. Rd1 Kf7 28. Kf1 Rc8 29. Nb4 a5 30. Nd5 Rxc4 31. Nxf6 Kxf6 32. Ke1 Re4+ 33. Kd2 Rd4+ 34. Kc2 Rc4+ 35. Kb3 Rb4+ 36. Ka3 Kg5 37. Rd5 Kf6 38. Rxa5 Re4 39. Ra4 Re2 40. Rf4 g5 41. Rf3 h5 42. g4 hxg4 43. hxg4 f4 44. b4 Re8 45. Rd3 Ra8+ 46. Kb3 Rb8 47. Kc4 Rc8+ 48. Kb5 Rb8+ 49. Kc5 Rc8+ 50. Kd6 Rd8+ 51. Kc5 Rxd3 52. b5 Rd8 53. Kc6 Ke7 54. b6 Ke6 55. Kc7 Rd7+ 56. Kc8 Kd6 57. b7 Rc7+ 58. Kb8 Kd7 59. Ka8 Rxb7 60. Kxb7 Kd6 61. a4 Kc5 62. a5 Kb5 63. a6 f3 64. a7 Kc4 65. a8=Q Kd3 66. Qe8 Kd4 67. Kb6 Kd5 68. Kb5 Kd4 69. Kb4 Kd3 70. Qe3+ Kc2 71. Qxg5 Kd1 72. Qe3 Kc2 73. Qxf3 Kd2 74. g5 Kc2 75. Qc3+ Kd1 76. Qb2 Ke1 77. f4 Kf1 78. Kc3 Kg1 79. Kd3 Kh1 80. Qd2 Kg1 81. Ke3 Kh1 82. Kf3 Kg1 83. Qg2# 1-0

[Event "Junior Online 4NCL Division 4"]
[Site "online"]
[Date "2021.04.15"]
[EventDate "2021.04.15"]
[Round "7.64"]
[White "Agasee, Emilio"]
[WhiteElo "933"]
[WhiteTeam "Coldfall Bishops"]
[Black "Vyas, Rayaan"]
[BlackElo "1217"]
[BlackTeam "Barnet Knights D"]
[Result "1/2-1/2"]
[PlyCount "103"]

1. e4 c5 2. Nf3 d6 3. Nc3 Nf6 4. d4 cxd4 5. Nxd4 g6 6. b3 Qa5 7. Bb2 Nxe4 8. Qd3 Nxc3 9. Qxc3 Qxc3+ 10. Bxc3 Bg7 11. O-O-O Nc6 12. Bb5 a6 13. Bxc6+ bxc6 14. Ne2 Bxc3 15. Nxc3 O-O 16. Rhe1 Be6 17. g3 Rab8 18. f4 c5 19. Rg1 c4 20. Rdf1 cxb3 21. cxb3 Rfc8 22. Kb2 Rc5 23. Ne4 Rcb5 24. Rf3 Bd5 25. Rc1 Bxe4 26. Re3 Bd5 27. Rxe7 a5 28. Rc3 a4 29. Ree3 axb3 30. axb3 h5 31. Red3 Bxb3 32. Rxb3 Rxb3+ 33. Rxb3 Rxb3+ 34. Kxb3 Kf8 35. Kc4 Ke7 36. Kd5 Kd7 37. h4 Ke7 38. Ke4 Ke6 39. Kd4 Kf5 40. Kd5 Kg4 41. Kxd6 Kxg3 42. Ke7 Kxh4 43. Kxf7 Kg4 44. Kxg6 h4 45. f5 h3 46. f6 h2 47. f7 h1=Q 48. f8=Q Qh5+ 49. Kg7 Qe5+ 50. Kg8 Qg5+ 51. Qg7 Qxg7+ 52. Kxg7 1/2-1/2

[Event "Junior Online 4NCL Division 4"]
[Site "online"]
[Date "2021.04.15"]
[EventDate "2021.04.15"]
[Round "7.65"]
[White "Spitz, Danny"]
[WhiteElo "1107"]
[WhiteTeam "Coldfall Bishops"]
[Black "Scott, Jane"]
[BlackElo "1300"]
[BlackTeam "Barnet Knights D"]
[Result "1-0"]
[PlyCount "45"]

1. e4 e5 2. Nc3 Nf6 3. Bc4 Nc6 4. d3 Be7 5. Nf3 O-O 6. O-O Kh8 7. h3 Ng8 8. d4 exd4 9. Nxd4 Nxd4 10. Qxd4 d6 11. Nd5 f5 12. Nxe7 Nxe7 13. Re1 Nc6 14. Qc3 Qh4 15. Bd2 fxe4 16. Bd5 Qxf2+ 17. Kh1 Rf6 18. Rf1 Qh4 19. Rxf6 Qxf6 20. Qb3 Qd4 21. Bc3 Qe3 22. Bxg7+ Kxg7 23. Qxe3 1-0

[Event "Junior Online 4NCL Division 4"]
[Site "online"]
[Date "2021.04.15"]
[EventDate "2021.04.15"]
[Round "7.66"]
[White "Ethelontis, Elena"]
[WhiteElo "1231"]
[WhiteTeam "Barnet Knights D"]
[Black "Haga, Xander"]
[BlackElo "1063"]
[BlackTeam "Coldfall Bishops"]
[Result "1-0"]
[PlyCount "137"]

1. d4 f5 2. Nf3 Nf6 3. c4 g6 4. Nc3 Bg7 5. Bf4 O-O 6. e3 d6 7. b3 Nbd7 8. Be2 Qe8 9. O-O e5 10. Bg3 e4 11. Nd2 Nb6 12. a3 c6 13. Bxd6 Rf7 14. Bf4 Nh5 15. Bxh5 gxh5 16. Qxh5 Qe7 17. f3 exf3 18. Nxf3 Bd7 19. Ng5 Bf6 20. Nxf7 Qxf7 21. Qxf7+ Kxf7 22. g3 Rg8 23. a4 h5 24. a5 Nc8 25. Na4 h4 26. Nc5 Be8 27. Nxb7 hxg3 28. hxg3 Bh4 29. Kg2 c5 30. Nxc5 Bc6+ 31. d5 Ba8 32. Kf2 Bf6 33. Rac1 Bb2 34. Rc2 Bh8 35. Rd1 Bf6 36. Rh1 Ke7 37. Rh7+ Ke8 38. Rc7 Kd8 39. Ne6+ Ke8 40. Rxc8+ Kf7 41. Rxg8 Kxg8 42. d6 Kf7 43. Nc7 Be4 44. Rd2 Bd8 45. Nb5 a6 46. Nc7 Bxc7 47. dxc7 Bb7 48. Rd8 Ke7 49. c8=Q Bxc8 50. Rxc8 Kd7 51. Rc7+ Ke6 52. c5 Kd5 53. Ra7 Kxc5 54. Rxa6 Kb5 55. Rb6+ Kxa5 56. Bc7 f4 57. b4+ Ka4 58. gxf4 Kb3 59. f5 Kc4 60. f6 Kd5 61. Rd6+ Ke5 62. f7 Ke4 63. f8=Q Ke5 64. Qe8+ Kf5 65. Qf7+ Ke4 66. Qe7+ Kf5 67. Rf6+ Kg5 68. Qg7+ Kh5 69. Rh6# 1-0

[Event "Junior Online 4NCL Division 4"]
[Site "online"]
[Date "2021.04.15"]
[EventDate "2021.04.15"]
[Round "7.67"]
[White "Haga, Viktor"]
[WhiteElo "1056"]
[WhiteTeam "Coldfall Bishops"]
[Black "Rowland, Benjamin"]
[BlackElo "1227"]
[BlackTeam "Barnet Knights D"]
[Result "1-0"]
[PlyCount "72"]

1. e4 e5 2. Nf3 Nc6 3. Bb5 Nf6 4. Bxc6 dxc6 5. Nxe5 Qd4 6. Nf3 Nxe4 7. Qe2 Qd5 8. d3 Bf5 9. dxe4 Bxe4 10. Nfd2 f5 11. f3 Bb4 12. fxe4 fxe4 13. c3 Bc5 14. Qxe4+ Qxe4+ 15. Nxe4 O-O 16. Nxc5 Rfe8+ 17. Kf1 Rad8 18. Bd2 Rf8+ 19. Ke1 Rfe8+ 20. Kd1 b6 21. Na6 c5 22. Nxc7 Re7 23. Nb5 a6 24. N5a3 g6 25. Re1 Red7 26. Kc2 b5 27. b4 cxb4 28. cxb4 Rc8+ 29. Kd1 Rcd8 30. Re6 Ra8 31. Nc3 Rad8 32. Ne4 Rd4 33. Ke2 Kf7 34. Ng5+ Kg7 35. Bc3 Kh6 36. Nf7+ Kg7 1-0

[Event "Junior Online 4NCL Division 4"]
[Site "online"]
[Date "2021.04.15"]
[EventDate "2021.04.15"]
[Round "7.68"]
[White "Vyas, Rayaan"]
[WhiteElo "1217"]
[WhiteTeam "Barnet Knights D"]
[Black "Agasee, Emilio"]
[BlackElo "933"]
[BlackTeam "Coldfall Bishops"]
[Result "0-1"]
[PlyCount "137"]

1. e4 e5 2. Nf3 Nc6 3. Bc4 Bc5 4. Nc3 d6 5. O-O Nf6 6. d3 h6 7. a3 Bg4 8. h3 Bxf3 9. Qxf3 O-O 10. b4 Bd4 11. Bd2 Bb6 12. Qg3 Nh5 13. Qg4 Nf6 14. Qf5 Bd4 15. Rae1 Bxc3 16. Bxc3 Nd4 17. Bxd4 exd4 18. Bd5 Nxd5 19. Qxd5 c6 20. Qxd4 Qd7 21. Re3 Rae8 22. Rg3 f6 23. e5 fxe5 24. Qe4 d5 25. Qg6 Rf6 26. Qg4 Qxg4 27. Rxg4 g5 28. Re1 Ref8 29. Rxe5 Rxf2 30. Kh2 Rxc2 31. h4 Rf7 32. hxg5 hxg5 33. Rgxg5+ Rg7 34. Re8+ Kf7 35. Rxg7+ Kxg7 36. Re7+ Kf6 37. Rxb7 Rd2 38. Rxa7 Rxd3 39. Ra6 Rc3 40. b5 Ke7 41. bxc6 Kd6 42. c7+ Kxc7 43. Ra5 d4 44. Rd5 d3 45. g3 Kc6 46. Rd4 Rc2+ 47. Kh3 d2 48. g4 Kc5 49. Rd8 Kc4 50. g5 Kc3 51. Rc8+ Kd3 52. Rd8+ Ke2 53. Re8+ Kd3 54. Rd8+ Kc3 55. g6 Rc1 56. Rc8+ Kb2 57. Rb8+ Kxa3 58. Ra8+ Kb4 59. g7 d1=Q 60. g8=Q Qh1+ 61. Kg4 Rg1+ 62. Kf4 Rxg8 63. Rxg8 Qc1+ 64. Ke5 Qc3+ 65. Kd6 Qd4+ 66. Ke7 Qe5+ 67. Kd7 Qd5+ 68. Ke7 Qxg8 69. Kd6 0-1

[Event "Junior Online 4NCL Division 4"]
[Site "online"]
[Date "2021.04.15"]
[EventDate "2021.04.15"]
[Round "7.71"]
[White "Jhamna, Alexander"]
[WhiteElo "1285"]
[WhiteTeam "The Hall 2"]
[Black "Popat, Imara"]
[BlackElo "1137"]
[BlackTeam "Edgware Gambits F"]
[Result "1-0"]
[PlyCount "47"]

1. e4 e5 2. Nf3 Nc6 3. Bc4 Bc5 4. d3 Nf6 5. Bg5 Be7 6. Nc3 a6 7. O-O O-O 8. a4 Bc5 9. h3 Ba7 10. Nd5 Nd4 11. b3 c6 12. Nxf6+ gxf6 13. Bh4 d5 14. Nxd4 dxc4 15. Ne2 cxd3 16. cxd3 Be6 17. Nc1 Qd4 18. Ne2 Qb4 19. Rb1 b5 20. axb5 Qxb5 21. Nc3 Qc5 22. Qc1 Qd6 23. Bxf6 Qxd3 24. Qg5# 1-0

[Event "Junior Online 4NCL Division 4"]
[Site "online"]
[Date "2021.04.15"]
[EventDate "2021.04.15"]
[Round "7.73"]
[White "O'Sullivan, Conor"]
[WhiteElo "1115"]
[WhiteTeam "The Hall 2"]
[Black "Patel, Rohan"]
[BlackElo "1140"]
[BlackTeam "Edgware Gambits F"]
[Result "0-1"]
[PlyCount "66"]

1. e4 e5 2. Nf3 Nc6 3. Nc3 d6 4. Bb5 Bg4 5. d3 Be7 6. Be3 a6 7. Bc4 Nd4 8. Bxd4 exd4 9. Nd5 Bxf3 10. Qxf3 Nf6 11. Nxf6+ Bxf6 12. O-O-O O-O 13. h4 Bxh4 14. g3 Bg5+ 15. Kb1 h6 16. Rdg1 b5 17. Bd5 Rb8 18. g4 c5 19. e5 dxe5 20. Be4 c4 21. dxc4 bxc4 22. Rh5 c3 23. b3 a5 24. Rgh1 a4 25. Qf5 g6 26. Qxe5 gxh5 27. Rxh5 f6 28. Qf5 Rf7 29. Qg6+ Rg7 30. Qf5 Re7 31. f4 Qe8 32. Bd5+ Kf8 33. fxg5 Re1# 0-1